00908 2200205 4500001002100000005001500021035002000036245006400056100001700120250001700137300002800154700001600182260003100198082001200229084001800241020002200259650001700281520037700298500002700675INLIS00000000000013520240508083757 a0010-05240000571 aRasulullah kehilangan julaibib /cFadila hanum, A.W. Wibowo0 aFadila hanum acetakan ke-1 a36 hlm :bilus ;c19 cm0 aA.W. Wibowo aSolo :bTiga Ananda,c2018 a297.092 a297.092 FAD r a978-602-366-429-0 4aReligi Islam aJulaibib adalah seorang pemuda miskin, bertubuh pendek, dan tidak tampan. penduduk kota madinah sering tidak menghiraukannya. Namun, saat julaibib gugur dalam membela agama islam, Rasulullah saw. merasa sangat kehilangan. Bahkan, Rasulullah saw. sendiri yang membopong jenazah julaibib untuk dikuburkan. Apa, ya, keistimewaan yang dimiliki julaibib? Simak kisahnya, yuk! aseri selebritas langit